000 00451nam a2200157 i 4500
001 58617
003 ES-MaACL
007 t|
008 031023s1968 mx ||||1| spa d
245 0 0 _aEducación física escolar /
_c[traducido por Gonzalo Cordero].
250 _a[1ª ed.].
260 _aMéxico, D.F. :
_bPax-México,
_c[1968]
300 _a117 p. :
_bil. ;
_c21 cm.
700 1 _aCordero, Gonzalo.
_940508
852 _aES-MaACL
_jE-9043
_bR.93509
999 _c58617
_d58617